| 000 | 01161nam0a2200301 4500 | ||
|---|---|---|---|
| 001 | RU\NLR\BIBL_A\012080357 | ||
| 005 | 20190904165553.0 | ||
| 010 |
_a978-5-00118-258-0 _9100 |
||
| 021 |
_aRU _bКН-П-19-052689 _9КН-П-19-3806 |
||
| 035 | _a(NLR Aleph) 012080357 | ||
| 035 | _a(RuMoRGB)010039516 | ||
| 090 |
_a11800146 _c11800146 |
||
| 100 | _a20190823d2019 u y0rusy50 ca | ||
| 101 | 0 | _arus | |
| 102 | _aRU | ||
| 105 | _ay zzzz||||1yy | ||
| 200 | 1 |
_aУправление вознаграждением _eучебное пособие _fЕ. Е. Кузьмичева |
|
| 210 |
_aКазань _cБук _d2019 |
||
| 215 |
_a68, [3] с. _cил., табл. _d21 |
||
| 320 | _aБиблиогр. в конце кн. | ||
| 606 | 1 |
_aОрганизации _xУправление _jУчебные издания для высших учебных заведений _2nlr_sh1 _2nlr_sh2 _3RU\NLR\AUTH\661257382 |
|
| 686 | 1 | _aУ21(0)24я73 | |
| 700 | 1 |
_aКузьмичева _bЕ. Е. _gЕлена Евгеньевна |
|
| 942 | _cBOOK | ||
| 980 | _aNBR | ||
| 980 | _aNB | ||